| 000 | 00419nam a2200133Ia 4500 | ||
|---|---|---|---|
| 008 | 231129s9999||||xx |||||||||||||| ||spa|| | ||
| 020 | _a978-958-8736-41-9 | ||
| 040 | _bspa | ||
| 082 | _a340.16 C317i | ||
| 100 | _aCarrillo de la Rosa Yezid | ||
| 245 | 0 | _aLa inclusión de la moral en el derecho y otros ensayos de teoría jurídica | |
| 264 | _aUniversitaria | ||
| 942 |
_2ddc _cBKS |
||
| 999 |
_c17374 _d17374 |
||